地下駅に停車するJR西日本の形式(自社駅のみ) - Statistics

General Stats
  • This quiz has been taken 52 times
  • The average score is 7 of 8
Answer Stats
Hint Answer % Correct
大阪、JR難波 221系
100%
加島~大阪城北詰 207系
93%
加島~大阪城北詰 321系
89%
大阪 283系
84%
大阪 281系
82%
大阪 287系
82%
大阪 289系
82%
大阪 271系
80%
No matching quizzes found
Score Distribution
Percent of People with Each Score
Percentile by Number Answered
Your Score History
You have not taken this quiz